Oregon Geography Quiz - Sudden Death - Statistics

General Stats
  • This quiz has been taken 337 times
  • The average score is 12 of 20
Answers on the Grid
Answers color-coded by a green-red scale on the quiz's grid according to % correct below.
Area 51
Astoria
Baja California
Bend
Boise
Bonneville Salt Flats
Cascade Mountains
Coast Range
Columbia River
Corvallis
Cour d'Alene
Crater Lake National Park
Eugene
Glacier National Park
Great Salt Lake
Klamath Mountains
Lake Tahoe
Lassen Volcanic National Park
Lewis and Clark National Historical Park
Mount Hood
Mount Jefferson
Mount Rainier
Napa Valley
Oregon Caves National Monument
Oregon National Historic Trail
Pacific Ocean
Portland
Puget Sound
Redding
Reno
Rogue Valley
Salem
Sawtooth Range
Spokane
Springfield
Vancouver Island
Walla Walla
Willamette Valley
Yellowstone National Park
Yosemite National Park
 
Answer Stats
Answer % Correct
Bend
83%
Astoria
81%
Eugene
77%
Portland
70%
Columbia River
67%
Salem
67%
Oregon National Historic Trail
66%
Pacific Ocean
65%
Cascade Mountains
64%
Crater Lake National Park
64%
Corvallis
63%
Oregon Caves National Monument
63%
Mount Hood
62%
Willamette Valley
58%
Klamath Mountains
54%
Lewis and Clark National Historical Park
53%
Coast Range
47%
Springfield
42%
Mount Jefferson
38%
Rogue Valley
30%
No matching quizzes found
Score Distribution
Percent of People with Each Score
Percentile by Number Answered
Your Score History
You have not taken this quiz